| 000 | 00883cab a2200277 4500 | ||
|---|---|---|---|
| 001 | WB3409-13 | ||
| 008 | 090401t1998 xxu||||| |||| 00| 0 eng d | ||
| 035 | _a(Sirsi) u84627 | ||
| 041 | _aeng | ||
| 245 | _aPositive response to sustainable development | ||
| 260 | _c1998 | ||
| 350 | _a0 | ||
| 490 |
_aDETR News Release _v(121) 19 February 1998, (5) |
||
| 520 | _aGovernment has already responded to a number of the recommendations made in the UK Round Table on Sustainable Development`s Annual Report. | ||
| 650 | _aPLANNING SYSTEM | ||
| 650 | _aREGIONAL DEVELOPMENT AGENCIES | ||
| 650 | _aRENEWABLE ENERGY | ||
| 650 | _aSUSTAINABLE DEVELOPMENT | ||
| 650 | _aTRAFFIC REDUCTION | ||
| 650 | _aTRANSPORT POLICY | ||
| 650 | _aUK ROUND TABLE ON SUSTAINABLE DEVELOPMENT | ||
| 650 | _aWATER SUPPLY | ||
| 690 |
_aEnvironment _96238 |
||
| 942 | _n0 | ||
| 948 | _c03/03/1998 | ||
| 999 |
_c53197 _d53197 |
||